| 000 | 00610cas a22002055a 4500 | ||
|---|---|---|---|
| 001 | L138966 | ||
| 008 | 070719c19911996xxkar p 0 a0eng u | ||
| 035 | _a(Sirsi) u138966 | ||
| 041 | 0 | _aeng | |
| 240 |
_aEast Midlands Property _ban Estates Times Review |
||
| 245 | 0 | 0 |
_aEstates Times _bEast Midlands Review |
| 260 |
_aLondon _bMorgan-Grampian _c1991-1996 |
||
| 362 | 0 | _a19 April 1991-19 April 1996 | |
| 520 | _aSupplement to Estates Times | ||
| 554 | _aOne per year | ||
| 651 | 4 | _aEast Midlands (England) | |
| 690 | _aPROPERTY-COMMERCIAL PROPERTY | ||
| 785 | 0 | 0 |
_tProperty Week _x0969-7594 |
| 942 | _n0 | ||
| 999 |
_c119055 _d119055 |
||